Statistics for Words with a Silent H

Click here to take the quiz!

General Stats

  • This quiz has been taken 13,142 times
  • The average score is 11 of 20

Answer Stats

Definition Word % Correct
Sixty minutesHour
99%
Apparition; spiritGhost
81%
Period of below-average rainfallDrought
80%
Lizard that can change colorChameleon
79%
One who is due to inheritHeir
76%
TruthfulHonest
75%
Refrain of a songChorus
66%
Segregated urban slumGhetto
63%
Carnivorous fish of South AmericaPiranha
62%
Group of notes sounded simultaneouslyChord
49%
Small pickled cucumberGherkin
48%
Shiny plating on car metalChrome
45%
Dull brown material used for military fatiguesKhaki
45%
Castrated manEunuch
43%
Candelabra used during HanukkahMenorah
43%
Chronic disease of the liverCirrhosis
41%
Clarified butter of IndiaGhee
38%
Spirit that feeds on corpsesGhoul
35%
Toxic, green, gaseous elementChlorine
28%
Red wine varietal also called shirazSyrah
12%

Score Distribution

Percentile by Number Answered

Percent of People with Each Score

Your Score History

You have not taken this quiz